000 00549nam a2200205 a 4500
001 000009697
005 20200929161656.0
008 091001s2000 xxu 001 0 eng d
020 _a1882161033
040 _aDO-SdBNP
041 1 7 _aspa
_2eng
082 _axxxx
_bB142d
100 1 _aBáez, Josefina.
_924593
245 1 0 _aDominicanish :
_bperformance theatre text /
_cJosefina Báez.
246 1 4 _aDominicanish
260 _aNew York :
_bGraphic Art.,
_c2000.
300 _a71 p. :
_bil. ;
_c18 cm.
500 _aTexto en inglés
049 _aBNPD
999 _c9457
_d9457